000 00301nam a2200133Ia 4500
005 20251222143150.0
008 251222s9999||||xx |||||||||||||| ||spa||
020 _a970-26-0097-9
082 _a658.15/B68
100 _aBodie, Zvi
245 0 _aFinanzas
264 _bPearson Educación
942 _cLIB
999 _c12636
_d12636